| 000 | 01129cam a22002054a 4500 | ||
|---|---|---|---|
| 005 | 20250605163926.0 | ||
| 008 | 250528s ||||||||||||||||||||||||d | ||
| 035 | _a14539 | ||
| 020 | _a33520497 | ||
| 040 |
_aGR-AtMCL _bgre _dGR-AtMCL _eAACR2 |
||
| 245 | 1 | _aIntroduction to Clinical Health Psychology | |
| 250 | _a1st | ||
| 260 |
_bOpen University Press, _c2000 |
||
| 300 | _a258 | ||
| 520 | _aThis book provides an introduction to the knowledge base, theory and the practice of health and clinical psychology, in the hospital and in the broader context of health care. Introduction, Behavior and Stress and Health, Psychosocial Correlates and Health, Stress and Health, Understanding Health-Related Behavior, Health-Related Decision Making, Health and Illness-Related Cognitions, Applied Health Psychology, Hospital Issues, Working in the Hospital System, Health Promotion, Clinical Interventions, Psychological Interventions, Assessment Issues, Improving Quality of Life, Risk Behavior Change, Notes, Glossary, References, Index. | ||
| 700 | 1 |
_aBenett Paul _9177 |
|
| 942 | _cBK | ||
| 999 |
_c164 _d164 |
||